Logo biblioteca
Santa Fe 2917, Rosario, Santa Fe
Lu-Vi 8 a 19.45
+54-341-4232362
bibliotecaeudoro@gmail.com
Facebook Biblioteca Pedagógica
Sitio web

Diseñar propuestas didácticas a partir de salidas educativas. (Registro nro. 32685)

Detalles MARC
000 -CABECERA
campo fijo de control de longitud 01543nab a2200301 4500
003 - IDENTIFICADOR DEL NÚMERO DE CONTROL
campo de control AR-RoBPED
005 - FECHA Y HORADE LA ULTIMA TRANSACCION
campo de control 20260504101257.0
008 - ELEMENTOS DE LONGITUD FIJA--INFORMACION GENERAL
campo fijo de control de longitud 260504b |||||||| |||| 00| 0 spa d
040 ## - FUENTE CATALOGADORA
Centro catalogador/agencia de origen AR-RoBPED
041 ## - IDIOMA
Código de idioma para texto/pista de sonido o título independiente spa
100 1# - ENCABEZAMIENTO PRINCIPAL--AUTOR PERSONAL
Nombre de persona Banchero, María Isabel
9 (RLIN) 27464
Función Profesora en Lengua
245 1# - TITULO
Título Diseñar propuestas didácticas a partir de salidas educativas.
Subtítulo San Carlos, un lugar para alojar las emociones /
260 ## - PUBLICACION
Lugar Buenos Aires :
Editor Noveduc,
Fecha 2023
300 ## - DESCRIPCION FISICA
Extensión 58-61 p.
500 ## - NOTA GENERAL
Nota general En este texto se narra una experiencia enmarcada en un proyecto interdisciplinario que se desarrolló con estudiantes de segundo año del Profesorado de Educación Primaria de la Escuela Normal N° 15" D.F Sarmiento", de la ciudad de Concordia, en la provincia de Entre Ríos. Las unidades curriculares implicadas fueron Lengua, Literatura y su Didáctica II, TIC y la UDI de "Historia y Patrimonio Local".
650 #0 - TERMINO DE MATERIA--CONTROLADO
Término controlado PROPUESTA DIDÁCTICA
9 (RLIN) 22005
Término controlado LITERATURA
9 (RLIN) 244
Término controlado LENGUA
9 (RLIN) 847
Término controlado DISEÑOS CURRICULARES
9 (RLIN) 18458
Término controlado ESTUDIANTES
9 (RLIN) 11380
Término controlado FORMACION DE DOCENTES
9 (RLIN) 1259
Término controlado DISEÑO CURRICULAR
9 (RLIN) 306
700 1# - ENCABEZAMIENTO SECUNDARIO--AUTOR PERSONAL
Nombre de persona Imoberdoff, Ana C.
9 (RLIN) 29384
Función Licenciada y profesora en Sistemas
Nombre de persona Rivero, Héctor F.
9 (RLIN) 30866
Función Profesor Superior de Ciencias Sociales
773 0# - DOCUMENTO FUENTE
Host Biblionumber 20414
Host Itemnumber 40098
Place, publisher, and date of publication Buenos Aires : Noveduc, 1993-
Título Novedades Educativas
Record control number (AR-RoBPED)20414
International Standard Serial Number 03283534
942 ## - ELEMENTOS KOHA
Fuente de clasificación Universal Decimal Classification
Koha tipo de ítem Revistas
Clasificación 37(05)
Signatura librística Nov 86 N° 393 (Dic. 2023)
Número Koha k.32685
945 ## - PROCESAMIENTO DE LA INFORMACIÓN LOCAL
Catalogador y fecha mar 05/2026

No hay ítems disponibles.